Ligue 1 - Les meilleurs buteurs depuis 2010 - Statistiques

Statistiques générales
  • Ce quiz a été pris 1 824 fois
  • Le résultat moyen est 12 sur 15
Statistiques - réponses
Saison Club Buts Nom du joueur % Correct
2022-2023 PSG 29 Kylian Mbappe
100%
2021-2022 PSG 28 Kylian Mbappe
96%
2020-2021 PSG 27 Kylian Mbappe
96%
2019-2020 PSG 18 Kylian Mbappe
95%
2016-2017 PSG 35 Edinson Cavani
90%
2017-2018 PSG 28 Edinson Cavani
89%
2018-2019 PSG 33 Kylian Mbappe
88%
2014-2015 OL 27 Alexandre Lacazette
87%
2015-2016 PSG 38 Zlatan Ibrahimovic
87%
2013-2014 PSG 26 Zlatan Ibrahimovic
85%
2012-2013 PSG 30 Zlatan Ibrahimovic
85%
2011-2012 Montpellier 21 Olivier Giroud
81%
2019-2020 AS Monaco 18 Wissam Ben Yedder
77%
2009-2010 OM 18 Mamadou Niang
40%
2010-2011 LOSC 25 Moussa Sow
34%
Aucun quiz correspondant
Distribution des résultats
% des personnes avec chaque résultat
Percentile par nombre de réponses
Votre historique - résultats
Vous n’avez pas pris ce quiz